Sociolinguistics and language teaching
The book provides an introduction to the field of sociolinguistics for second and foreignlanguage teachers, as well as for teachers with students from linguistically diverse backgrounds. It covers the basic areas of sociolinguistics that have a bearing on language teaching, including regional and so...
Saved in:
| Format: | Book |
|---|---|
| Language: | Undetermined |
| Published: |
Cambridge, New York
Cambridge Univ. Press
1996
|
| Subjects: | |
| Tags: |
Add Tag
No Tags, Be the first to tag this record!
|
| Institutions: | Trung tâm Học liệu Trường Đại học Cần Thơ |
|---|
| LEADER | 00940nam a2200181Ia 4500 | ||
|---|---|---|---|
| 001 | CTU_27243 | ||
| 008 | 210402s9999 xx 000 0 und d | ||
| 020 | |b 125.05Dfl | ||
| 082 | |a 306.44 | ||
| 082 | |b S678 | ||
| 245 | 0 | |a Sociolinguistics and language teaching | |
| 260 | |a Cambridge, New York | ||
| 260 | |b Cambridge Univ. Press | ||
| 260 | |c 1996 | ||
| 520 | |a The book provides an introduction to the field of sociolinguistics for second and foreignlanguage teachers, as well as for teachers with students from linguistically diverse backgrounds. It covers the basic areas of sociolinguistics that have a bearing on language teaching, including regional and social linguistic variation, language and gender, World Englishes, and intercultural communication | ||
| 650 | |a language and languages - study and teaching - social aspects,sociolinguistics | ||
| 904 | |i Minh, 981209 | ||
| 980 | |a Trung tâm Học liệu Trường Đại học Cần Thơ | ||